|
|
|
|
| LEADER |
01522nam a2200337 i 4500 |
| 001 |
38792 |
| 003 |
BD-DhAAL |
| 008 |
220606t2015 njua b 001 0 eng d |
| 999 |
|
|
|c 44253
|d 44253
|
| 010 |
|
|
|a 2014017668
|
| 020 |
|
|
|a 9781118673027 (paperback)
|
| 040 |
|
|
|a DLC
|b eng
|c DLC
|e rda
|d DLC
|d BD-DhAAL
|
| 042 |
|
|
|a pcc
|
| 043 |
|
|
|a n-us---
|
| 050 |
0 |
0 |
|a HV555.U6
|b M394 2015
|
| 082 |
0 |
0 |
|a 363.3480973
|2 23
|
| 084 |
|
|
|a SOC026000
|2 bisacsh
|
| 100 |
1 |
|
|a McEntire, David A.
|9 48945
|
| 245 |
1 |
0 |
|a Disaster response and recovery :
|b strategies and tactics for resilience /
|c David A. McEntire, PhD. Emergency Administration and Planning Department of Public Administration University of North Texas.
|
| 250 |
|
|
|a Second edition.
|
| 264 |
|
1 |
|a Hoboken, New Jersey :
|b Wiley,
|c 2015.
|
| 300 |
|
|
|a xx, 535 pages :
|b illustrations ;
|c 26 cm
|
| 504 |
|
|
|a Includes bibliographical references (pages 487- 527) and index.
|
| 526 |
|
|
|a PPDM, ARC
|
| 541 |
|
|
|a Trim Education
|e 38792
|
| 650 |
|
0 |
|a Disaster relief
|z United States.
|9 48946
|
| 650 |
|
7 |
|a SOCIAL SCIENCE / Sociology / General.
|2 bisacsh
|9 48947
|
| 776 |
0 |
8 |
|i Online version:
|a McEntire, David A.
|t Disaster response and recovery
|b Second edition.
|d Hoboken : Wiley, 2014
|z 9781118957585
|w (DLC) 2014019869
|
| 852 |
|
|
|a Ayesha Abed Library
|c General Stacks
|
| 942 |
|
|
|2 ddc
|c BK
|
| 952 |
|
|
|0 0
|1 0
|2 ddc
|4 0
|6 363_348097300000000_MCE
|7 0
|9 70733
|a BRACUL
|b BRACUL
|c GEN
|d 2022-05-31
|e Trim Education
|g 5440.00
|l 1
|o 363.3480973 MCE
|p 3010038792
|r 2025-12-30
|s 2025-12-29
|t 1
|v 5440.00
|w 2022-05-31
|y BK
|